000 00461nam a2200133 a 4500
008 120416s1965 ||||||||||||||||| || u
050 _aTK 7878.4 Dea
100 _aDean, K. J
245 1 0 _aDigital instruments
260 _aLondon
_bChapman & Hall
_c1965
300 _aviii, 181p. : ill
350 _a0.00
995 _D0.00
_FCBU-MAIN LIBRARY (Kitwe)
_H1
_I1.50
_UAVAILABLE
_ZAnnex Low-Usage Collection
999 _c40174
_d40174